Statistiken für Flüsse in Baden-Württemberg

Klicken Sie hier um das Quiz zu spielen!

Allgemein

  • Dieses Quiz wurde 829 mal gespielt
  • Das Durchschnittsergebnis liegt bei 12 aus 34

Antwortstatistiken

HintAntwort% Korrekt
Ulm, 2811 kmDonau
97%
Stuttgart, 362 kmNeckar
97%
Karlsruhe, 1239 kmRhein
96%
Wertheim, 527 kmMain
79%
Pforzheim, 105 kmEnz
59%
Aalen, 168 kmKocher
57%
Crailsheim, 190 kmJagst
56%
Ulm, 147 kmIller
52%
Wertheim, 129 kmTauber
48%
Heidenheim, 52 kmBrenz
42%
Biberach, 50 kmRiß
42%
Offenburg, 93 kmKinzig
40%
Schwäbisch Gmünd, 78 kmRems
40%
Backnang, 52 kmMurr
37%
Göppingen, 63 kmFils
34%
Pforzheim, 91 kmNagold
32%
Rastatt, 89 kmMurg
27%
Emmendingen, 90 kmElz
25%
Waldshut-Tiengen, 91 kmWutach
25%
Tettnang, 94 kmArgen
21%
Karlsruhe, 60 kmPfinz
20%
Ravensburg, 62 kmSchussen
17%
Pforzheim, 54 kmWürm
17%
Sinsheim, 53 kmElsenz
16%
Lörrach, 58 kmWiese
16%
Albstadt, 50 kmEyach
15%
Erbach, 54 kmRot
15%
Lahr, 55 kmSchutter
15%
Aalen, 57 kmLein
14%
Oberkirch, 57 kmRench
13%
Sigmaringen, 60 kmLauchert
12%
Weinheim, 59 kmWeschnitz
10%
Hockenheim, 56 kmKraichbach
9%
Überlingen, 52 kmLinzer Aach
8%

Verteilung der Resultate

Perzentil nach korrekt beantworteten Fragen

Anzahl Personen mit jedem Resultat

Ihre Resultats-Entwicklung

Sie haben dieses Quiz noch nicht gespielt